000 00596nam a2200253Ia 4500
005 20260121154545.0
008 008 260114s9999 xx 000 0 eng d
020 _a9781003217572
037 _aEBOOK
040 _aCRL
040 _beng
040 _cCRL
041 _2eng
041 _aeng
084 _qCRL
100 _a David E. Orlinsky
_91008682
245 0 _aHow Psychotherapists Live
260 _bTaylor and Francis
260 _c2022
856 _uhttp://www.taylorfrancis.com/books/9781003217572
942 _cEBOOK
999 _c1575503
_d1575503